|
|
|
|
| LEADER |
00000nam0a2200000 4500 |
| 001 |
320144 |
| 005 |
20231102003241.0 |
| 035 |
|
|
|a (RuTPU)RU\TPU\book\345667
|
| 090 |
|
|
|a 320144
|
| 100 |
|
|
|a 20160624d1893 km y0rusy50 ca
|
| 101 |
0 |
|
|a rus
|
| 102 |
|
|
|a RU
|
| 105 |
|
|
|a af z 000zy
|
| 200 |
1 |
|
|a Опыт изучения ирригации Туркестанского края. Сыр-Дарьинская область
|f Н. Дингельштедт
|
| 210 |
|
|
|a Санкт-Петербург
|c Типография Министерства Путей Сообщения
|d 1893
|
| 215 |
|
|
|a 513 с.
|c ил.
|
| 300 |
|
|
|a Текст в русской дореформенной орфографии
|
| 606 |
1 |
|
|a Ирригация
|x Орошение
|2 stltpush
|3 (RuTPU)RU\TPU\subj\13143
|9 39799
|
| 610 |
1 |
|
|a Туркестанский край
|
| 610 |
1 |
|
|a Сырдарьинская область
|
| 610 |
1 |
|
|a водное хозяйство
|
| 610 |
1 |
|
|a юридические основы
|
| 610 |
1 |
|
|a обычаи
|
| 610 |
1 |
|
|a природные воды
|
| 610 |
1 |
|
|a Туркестан
|
| 610 |
1 |
|
|a экономика
|
| 610 |
1 |
|
|a орошение
|
| 610 |
1 |
|
|a степи
|
| 675 |
|
|
|a 631.6
|v 4
|
| 700 |
|
1 |
|a Дингельштедт
|b Н.
|g Николай
|
| 801 |
|
1 |
|a RU
|b 63413507
|c 20160624
|
| 801 |
|
2 |
|a RU
|b 63413507
|c 20201002
|g RCR
|
| 942 |
|
|
|c BK
|